| 000 | 00000nas 2200000za 4500 |
| 001 | 9.849727 |
| 003 | CaOODSP |
| 005 | 20231117152401 |
| 007 | cr cn |||||||| |
| 008 | 180109c20189999quc x m o f0 0fre|d |
| 040 | |aCaOODSP|bfre |
| 043 | |an-cn--- |
| 086 | 1 |aTU3-11F-PDF |
| 130 | 0 |aBilan d’enquête de sécurité de transport ferroviaire. |
| 245 | 10|aBilan d’enquête de sécurité de transport ferroviaire |h[ressource électronique] |
| 246 | 13|aRapport d’enquête de sécurité du transport ferroviaire|f2018- |
| 260 | |aGatineau, Québec : |bBureau de la sécurité des transports du Canada, |c2018- |
| 310 | |aIrrégulier |
| 500 | |aPubl. aussi en anglais sous le titre : Rail transportation safety investigation brief. |
| 500 | |aChangement de titre à partir du rapport R17Q0088. |
| 650 | 6|aChemins de fer|xAccidents|xEnquêtes|zCanada. |
| 710 | 2 |aBureau de la sécurité des transports du Canada. |
| 775 | 08|tRail transportation safety investigation brief |w(CaOODSP)9.849724 |